02872cam a22004217i 450000100090000000300050000900500170001400800410003101000170007201500190008901600180010802000250012603500130015103500220016404000970018604200140028305000230029708200230032010000290034324500850037226400320045730000480048933600260053733700280056333800270059150400510061850506570066952007470132665000380207365000390211165000550215065000310220565000440223665500240228065500810230470000300238577600350241522745316CSPC20260213103330.0220810s2023 enka b 001 0 eng d a 2022944428 aGBC3257432bnb7 a0209505892Uk a9781529791136q(pbk) a22745316 a(OCoLC)1346943871 aYDXbengerdacYDXdBDXdUKMGBdOCLCQdOCLCFdYT1dNVSdYDXdMBBdUBCdIEDUBdSFBdDLCdCSPC alccopycat00aLB1028b.B779 202304a370.721bB856e2231 aBuckler, Scott,eauthor.10aEssentials of research methods in education /cScott Buckler and Harriett Moore. 1aLos Angeles :bSAGE,c2023. axxxii, 402 pages :billustrations ;c24 cm. atextbtxt2rdacontent aunmediatedbn2rdamedia avolumebnc2rdacarrier aIncludes bibliographical references and index.0 aSection 1. Introduction to educational methods -- Introduction -- Perspectives and philosophy -- Sociocultural context -- Research design stages -- Section 2. Initial considerations -- The literature review -- Research designs -- Ethics -- Specifying your research focus -- Section 3. Methodological considerations, methods and analysis -- Quantitative considerations and methods -- Qualitative considerations and methods -- Mixed methodologies and mixed approaches -- Quantitative analysis and presentation -- Qualitative analysis and presentation -- Section 4. Engaging with your own research -- Structuring the research -- A return to the beginning. a"This book provides a comprehensive overview of research methods, supported by examples from a range of educational fields, along with pragmatic advice and guidance on how to undertake educational research. Using the concept of research as a 'quest', this book takes you on a journey from the planning stages, through data collection and analysis, to writing up your findings, at each stage exploring the principles and practice that can support your own educational research projects. Academic understanding is combined with practical commentary to show how conceptual ideas are used in practice. Case studies throughout the book highlight the power of educational research to shine a light on important social issues"--cPage 4 of cover. 0aEducationxResearchxMethodology. 0aEducationxResearchvCase studies. 7aeducation.2atg0http://lod.nal.usda.gov/nalt/4388 7aEducationxResearch.2fast 7aEducationxResearchxMethodology.2fast 7aCase studies.2fast 7aCase studies.2lcgft0https://id.loc.gov/authorities/genreForms/gf20170261401 aMoore, Harriett,eauthor.08iebook version :z9781529618488